When I am old with you / (Record no. 6955)

MARC details
000 -LEADER
fixed length control field 01016nam a22003017a 4500
001 - CONTROL NUMBER
control field 6955
003 - CONTROL NUMBER IDENTIFIER
control field FISKH
005 - DATE AND TIME OF LATEST TRANSACTION
control field 20250611152835.0
008 - FIXED-LENGTH DATA ELEMENTS--GENERAL INFORMATION
fixed length control field 250611b cb ||||| |||| 00| 0 eng d
020 ## - INTERNATIONAL STANDARD BOOK NUMBER
International Standard Book Number 9780531070352
040 ## - CATALOGING SOURCE
Original cataloging agency FISKH
Language of cataloging eng
Transcribing agency FISKH
Modifying agency FISKH
050 ## - LIBRARY OF CONGRESS CALL NUMBER
Classification number PZ7.J629 W
082 ## - DEWEY DECIMAL CLASSIFICATION NUMBER
Classification number 326
100 ## - MAIN ENTRY--PERSONAL NAME
Personal name Johnson, Angela
Dates associated with a name (1961–)
245 ## - TITLE STATEMENT
Title When I am old with you /
Statement of responsibility, etc. Story by Angela Johnson ; Pictures by David Soman
250 ## - EDITION STATEMENT
Edition statement This edition first published in 1990
260 ## - PUBLICATION, DISTRIBUTION, ETC.
Place of publication, distribution, etc. New York :
Name of publisher, distributor, etc. Orchard,
Date of publication, distribution, etc. 1990
300 ## - PHYSICAL DESCRIPTION
Extent 28 unnumbered pages :
Other physical details color illustrations ;
Dimensions 23 x 26 cm
505 ## - FORMATTED CONTENTS NOTE
Formatted contents note J<br/>
520 ## - SUMMARY, ETC.
Summary, etc. A child imagines being old with Grandaddy and joining him in such activities as playing cards all day, visiting the ocean, and eating bacon on the porch.<br/>
521 8# - TARGET AUDIENCE NOTE
Target audience note 440<br/>
Source Lexile<br/>
521 8# - TARGET AUDIENCE NOTE
Target audience note J<br/>
Source Raz-Plus<br/>
650 ## - SUBJECT ADDED ENTRY--TOPICAL TERM
Source of heading or term African American
Topical term or geographic name entry element Grandparents
650 ## - SUBJECT ADDED ENTRY--TOPICAL TERM
Source of heading or term Old age
Topical term or geographic name entry element Love
700 ## - ADDED ENTRY--PERSONAL NAME
Personal name Soman, David
Dates associated with a name illustrator
942 ## - ADDED ENTRY ELEMENTS (KOHA)
Source of classification or shelving scheme Dewey Decimal Classification
Koha item type Books
Suppress in OPAC No
Holdings
Withdrawn status Lost status Source of classification or shelving scheme Damaged status Not for loan Collection Home library Current library Shelving location Date acquired Total Checkouts Full call number Barcode Date last seen Copy number Price effective from Koha item type
    Dewey Decimal Classification     Juvenile Fiction Footprints International School Library Network Toul Tom Poung Campus Footprints International School Library Network Toul Tom Poung Campus TTP Primary Dark Blue Bookshelves 06/11/2025   JOH 326 PZ7.J629 W 2025-1584 06/11/2025 1 06/11/2025 Books